000 01196nam a2200313 i 4500
001 67451
003 ES-MaACL
005 20250131234114.0
007 t|
008 040526s2001 sp ||||0| spa d
020 _a84-259-1172-9
080 _a821.134.2 Calderón de la Barca, Pedro 1.07
080 _a821.134.2.09"16"
080 _a7.034.7(460)
245 0 0 _aCalderón de la Barca y la España del Barroco /
_cJosé Alcalá-Zamora, Ernest Belenguer (coordinadores).
260 _aMadrid :
_bCentro de Estudios Políticos y Constitucionales,
_c2001.
300 _a2 v. ;
_c24 cm.
490 1 _aEstudios políticos
500 _aEn port.: Sociedad Estatal España Nuevo Milenio.
600 1 4 _aCalderón de la Barca, Pedro-
_xCrítica e interpretación
_933614
650 4 _aLiteratura española-
_yS.XVII-
_xHistoria y crítica.
_914572
650 4 _aArte barroco-
_zEspaña.
_910165
700 1 _aAlcalá-Zamora, José,
_d1939-2019
_919471
700 1 _aBelenguer Cebria, Ernest.
_927149
710 2 _aCentro de Estudios Políticos y Constitucionales (España)
_92666
830 1 _aEstudios políticos
_9180572
852 _aES-MaACL
_jL-27677-78
999 _c67451
_d67451